000 01184nam a2200313 4500
001 21805
003 BD-RjUL
005 20211209000730.0
008 140305s19691968enkb b 001 0ceng
020 _a0048910333
035 _a(BD-RjUL)21870
040 _aDLC
_cDLC
_dDLC
_dBD-RjUL
_beng
041 _aeng
082 0 0 _a891.4391309
_bRUT 1969
100 1 _aRussell, Ralph,
_d1918-2008.
_966235
245 1 0 _aThree Mughal poets :
_bMir, Sauda, Mir Hasan /
_cRalph Russell and Khurshidul Islam.
260 _aLondon :
_bAllen & Unwin,
_cc 1968 [Reprinted 1969].
300 _axxv, 290 p. :
_bill., map. ;
_c23 cm.
350 _a48/-
504 _aBibliography: p. 281-284. and index.
600 0 0 _aMuḥammad Taḳī,
_ccalled Mīr,
_d-1810
_xCriticism and interpretation.
_967329
600 1 0 _aSaudā, Mirzā Muḥammad Rafiʻ,
_d1713-1781
_xCriticism and interpretation.
_967330
600 1 0 _aḤasan, Mīr,
_dactive 1786
_xCriticism and interpretation.
_967331
700 1 _aIslam, Khurshidul,
_d1919-
_ejoint author.
_967323
942 _2ddc
_cBK
999 _c21805
_d21805